Statistics for Countries Whose Capitals Start With Letter S

Click here to take the quiz!

General Stats

  • This quiz has been taken 77 times
  • The average score is 15 of 19

Answer Stats

HintAnswer% Correct
StockholmSweden
95%
SantiagoChile
92%
San MarinoSan Marino
89%
SuvaFiji
86%
SeoulSouth Korea
84%
SucreBolivia
83%
SarajevoBosnia and Herzegovina
83%
San SalvadorEl Salvador
83%
Santo DomingoDominican Republic
79%
San JoseCosta Rica
76%
SkopjeMacedonia
75%
SofiaBulgaria
71%
Saint George'sGrenada
71%
SingaporeSingapore
71%
Saint John'sAntigua and Barbuda
70%
Sri
Jayawardenapura
Kotte
Sri Lanka
67%
Sana'aYemen
67%
Sao TomeSao Tome and Principe
65%
South TarawaKiribati
48%

Score Distribution

Percentile by Number Answered

Percent of People with Each Score

Your Score History

You have not taken this quiz